000 00521nam a2200169 i 4500
001 142606
003 ES-MaACL
005 20230906200554.0
007 t|
008 071009s1955 sp ||||1| spa d
100 1 _aVia Parera, José de.
_9114253
245 1 0 _aPsicología descriptiva
_b: definiciones por esquemas /
_cpor José de Via Parera.
260 _aBarcelona :
_b[s.n.],
_c1955.
300 _a49 p., 8 h., 26 gráf. ;
_c21 cm.
500 _aEjemplar estenografiado.
852 _aES-MaACL
_j1986-F-1
_bR.37525
999 _c142606
_d142606